000 00613nam a2200241 a 4500
001 nice12345678
003 IN_TiNIC
005 20260116011700.0
008 050524s1971 mada grp 000 0 eng
020 _a
_c100
082 0 0 _a335.43
_bREI
100 _aReinddorp, Julian
245 _aLeaders and Leadership in the Trade Unions in Bangalore.
260 _aMadras
_bChristian Literature Society
_c1971
300 _a239
500 _aincludes index and biblioraphy
505 2 _aAppendix
650 _aEconomics
700 1 _aReinddorp, Julian
902 _bSRS
942 _cBK
999 _c3374
_d3374